LEADER 01070nam0-2200361li-450 001 990000254800203316 005 20180312154629.0 010 $a0-07-707401-7 035 $a0025480 035 $aUSA010025480 035 $a(ALEPH)000025480USA01 035 $a0025480 100 $a20001109d1991----km-y0itay0103----ba 101 0 $aeng 102 $aGB 200 1 $aHypertext$efrom text to expertext$fRoy Rada 210 $aLondon [etc.]$cMcGraw-Hill Book Company$dcopyr. 1991 215 $aIX, 237 p.$cill.$d24 cm 610 1 $aipertesto 676 $a005754$9Basi di dati reticolari 700 1$aRada,$bRoy$0143553 801 $aSistema bibliotecario di Ateneo dell' Università di Salerno$gRICA 912 $a990000254800203316 951 $a005.754 RAD$b0015222$c005.754$d00106541 959 $aBK 969 $aSCI 979 $c19931018 979 $c20001110$lUSA01$h1715 979 $aALANDI$b90$c20010327$lUSA01$h1518 979 $c20020403$lUSA01$h1633 979 $aPATRY$b90$c20040406$lUSA01$h1618 996 $aHypertext$9509838 997 $aUNISA LEADER 01173cam a22003137a 4500 001 991002699979707536 008 150312s2004 nyua b 001 0 eng d 020 $a9780071410175 035 $ab14218446-39ule_inst 040 $aBibl. Dip.le Aggr. Matematica e Fisica - Sez. Fisica$beng 082 00$a610.1/5195$222 084 $aLC QH323.5 084 $a510.62 100 1 $aDawson, Beth$0480512 245 10$aBasic and clinical biostatistics /$cBeth Dawson, Robert G. Trapp 250 $a4th ed. 260 $aNew York :$bLange Medical Books/McGraw-Hill, Medical Pub. Division,$cc2004 300 $ax, 438 p. :$bill. ;$c23 cm +$e1 CD-ROM (4 3/4 in.) 500 $a"A Lange medical book." 504 $aIncludes bibliographical references (p. 415-421) and index 650 4$aBiometry 650 4$aStatistics 700 1 $aTrapp, Robert G. 907 $a.b14218446$b17-06-15$c12-03-15 912 $a991002699979707536 945 $aLE006 617.7 DAW$g1$i2006000174442$lle006$op$pE59.96$q-$rl$s- $t0$u0$v0$w0$x0$y.i15681579$z17-06-15 996 $aBasic and clinical biostatistics$9256360 997 $aUNISALENTO 998 $ale006$b12-03-15$cm$da $e $feng$gnyu$h0$i0 LEADER 02065nam 2200349 450 001 9910135415303321 005 20231208083637.0 010 $a0-7381-0552-X 024 7 $a10.1109/IEEESTD.1989.94579 035 $a(CKB)3780000000092187 035 $a(NjHacI)993780000000092187 035 $a(EXLCZ)993780000000092187 100 $a20231208d1989 uy 0 101 0 $aeng 135 $aur||||||||||| 181 $ctxt$2rdacontent 182 $cc$2rdamedia 183 $acr$2rdacarrier 200 10$aANSI/IEEE Std 813-1988 $eIEEE specification format guide and test procedure for two-degree-of-freedom dynamically tuned gyros /$fInstitute of Electrical and Electronics Engineers 210 1$aPiscataway, New Jersey :$cIEEE,$d1989. 215 $a1 online resource (65 pages) 330 $aA format guide for the preparation of a two-degree-of-freedom dynamically tuned gyro (DTG) specification is given that provides a common ground of terminology and practice for manufacturers and users. A compilation of recommended procedures for testing a DTG is also given. The requirements and test procedures are defined in terms unique to the DTG. They cover applications of the gyro as an angular motion sensor in navigation and control systems. They apply to two modes of use: (1) as a strap-down sensor in operating environments typical of aircraft and missile applications, and (2) as a sensor in gimballed platform applications in which the dynamic angular inputs to which the gyro is subjected are benign relative to the accuracy required. In the case of the strap-down DTG, the characteristics of the external capture loops are considered to the extent necessary to define the gyro performance. 517 $aANSI/IEEE Std 813-1988: IEEE Specification Format Guide and Test Procedure for Two-Degree-Of-Freedom Dynamically Tuned Gyros 606 $aGyroscopes 615 0$aGyroscopes. 676 $a681.753 801 0$bNjHacI 801 1$bNjHacl 906 $aDOCUMENT 912 $a9910135415303321 996 $aANSI$92072434 997 $aUNINA